000 00307nam a2200121Ia 4500
005 20251222142004.0
008 251222s9999||||xx |||||||||||||| ||spa||
082 _a330.985/B61
100 _aBlacker Miller, Manuel Augusto
245 0 _aEconomías Artificiales:
264 _bJaime Cmpodonico
942 _cLIB
999 _c10110
_d10110